| 000 | 01240cam a22003131i 4500 | ||
|---|---|---|---|
| 003 | SA-RiAUC | ||
| 005 | 20241220153821.0 | ||
| 008 | 241218s1988 le g 001 0 ara c | ||
| 040 |
_aSA-MuMU _bara _cSA-RiAUC _erda |
||
| 050 | 4 | _b.I26 1988 | |
| 082 | 0 | 4 |
_a414 _qSA-RiAUC |
| 090 |
_a414 _bا ب ن ق |
||
| 100 | 1 |
_aابن قتيبة، عبد الله بن مسلم، _d213-276 هجري _eمؤلف. |
|
| 245 | 1 | 0 |
_aأدب الكاتب / _cتأليف أبو محمد عبد الله بن مسلم بن قتيبة الدينوري ؛ تقديم علي فاعور. |
| 250 | _aالطبعة الأولى. | ||
| 264 | 1 |
_aبيروت : _bدار الكتب العلمية، _c1988 |
|
| 300 |
_a448 صفحة ؛ _c25 سم |
||
| 336 |
_aنص _btxt _2rdacontent _3كتاب |
||
| 337 |
_aبدون وسيط _bn _2rdamedia |
||
| 338 |
_aمجلد _bnc _2rdacarrier |
||
| 500 | _aالغلاف بالألوان. | ||
| 500 | _aيشتمل على كشاف. | ||
| 650 | 7 |
_aالبلاغة العربية _2aucsh |
|
| 650 | 7 |
_aاللغة العربية _xكتابة _2aucsh |
|
| 650 | 7 |
_aالأسلوب الأدبي _2aucsh |
|
| 700 | 1 |
_aفاعور، علي حسن _eمقدم. |
|
| 942 |
_2ddc _cBOOK _n0 |
||
| 949 |
_aSA-JeALM _d241218 _umohamedma123 _n1 |
||
| 999 |
_c3685 _d3685 |
||